María Virginia está de vacaciones /

保存先:
書誌詳細
第一著者: Pacheco Sosa, Sindo
フォーマット: 不明
言語:Spanish
出版事項: Colombia : Ediciones Casa de las Américas, 1994.
主題:
タグ: タグ追加
タグなし, このレコードへの初めてのタグを付けませんか!

MARC

LEADER 000000000a22000000004500
001 002590
020 |a 9590400264 
041 0 |a spa 
082 0 4 |a Cu863.44   |b P122m 
100 1 |a Pacheco Sosa, Sindo 
245 1 0 |a María Virginia está de vacaciones /   |c Sindo Pacheco Sosa. 
260 1 |a Colombia :   |b Ediciones Casa de las Américas,   |c 1994. 
300 |a 126 páginas 
650 4 |a LITERATURA CUBANA 
650 4 |a NOVELA 
999 |c 8973  |d 8973 
942 |c BK  |h Cu863.44 P122m  |2 z